| 000 | 00771nam a2200229 a 4500 | ||
|---|---|---|---|
| 999 |
_c849 _d849 |
||
| 003 | BD-JhCC | ||
| 005 | 20200330134008.0 | ||
| 008 | 171010s1999 bg |||| ||a| 000 0 ben d | ||
| 020 | _a9847015201531 | ||
| 035 | _a(BD-JhCC) | ||
| 040 |
_aBD-JhCC _dBD-JhCC |
||
| 041 | _aben | ||
| 082 |
_a891.443 _bGOR 1999 |
||
| 100 | _aগোর্কি, ম্যাক্সিম | ||
| 245 |
_aমা / _cম্যাক্সিম গোর্কি, পুষ্পময়ী বসু (অনু.) |
||
| 260 |
_aঢাকা : _bঅনুপম প্রকাশনী, _c1999. |
||
| 300 |
_a224 p. : _c21 cm. |
||
| 500 | _aবিশ্বসাহিত্যে কালজয়ী উপন্যাস | ||
| 650 | _aNovel | ||
| 942 |
_2ddc _cBK _03 |
||